000 00508nam a2200181Ia 4500
003 GCL
008 140319s9999 xx 000 0 ara d
040 _aGCL /
_cGCL
082 0 4 _a792.03
_bف ق
100 1 _aسمير عوض
245 1 0 _aقاموس المسرح /
_cسمير عوض
490 _aالهيئة العامة للاستعلامات
_v0
650 0 4 _aالمسرح
650 0 4 _aالفنون
650 0 4 _aالمسرح - تاريخ
650 0 4 _aالمسرح - قاموس
942 _2ddc
_cBK
999 _c49002
_d49002